| 000 | 00342nam a2200109Ia 4500 | ||
|---|---|---|---|
| 008 | 200302s9999 xx 000 0 und d | ||
| 100 | _aStephen Wilson | ||
| 245 | _aArt+Science How Scientific research and Technological Innovation are Becoming Key to 21 Stcentury Aesthetics | ||
| 260 | _bThams and Hudson Ltd., | ||
| 260 | _c2012 | ||
| 300 | _a208 | ||
| 999 |
_c3697 _d3697 |
||